Times por Escudo - Brasileirão Serie D 2025 - Statistics

Estatísticas Gerais
  • Esse quiz foi jogado 60 vezes
  • A pontuação média é 34 de 64
Estatísticas das Respostas
Imagem Resposta % Correto
Brasil de Pelotas
92%
Portuguesa
90%
Santa Cruz
90%
Água Santa
88%
Joinville
86%
Luverdense
84%
Sampaio Corrêa
84%
São José RS
84%
FC Cascavel
80%
Nova Iguaçu
80%
Ferroviário
76%
Treze
73%
Sousa
71%
Inter de Limeira
69%
Águia de Marabá
67%
Tuna Luso
67%
Cianorte
65%
Altos
63%
ASA
63%
Azuriz
61%
Manaus
61%
Marcílio Dias
61%
Aparecidense
59%
Juazeirense
59%
Mixto
59%
Sergipe
59%
Boavista
57%
Lagarto
57%
Maranhão
55%
Trem
53%
Humaitá
51%
Itabirito
49%
Porto Velho
49%
Uberlândia
49%
Barra SC
47%
Capital DF
47%
Imperatriz
47%
Maricá
47%
Central
45%
Maracanã
45%
Ceilândia
43%
GAS
43%
Operário MS
43%
São Luiz
43%
Guarany de Bagé
39%
Barcelona de Ilhéus
37%
Jequié
37%
Santa Cruz RN
37%
Goiânia
35%
Iguatu
35%
América RN
33%
Parnahyba
33%
Horizonte
31%
Rio Branco ES
31%
Pouso Alegre
29%
Independência
27%
Monte Azul
27%
Goianésia
24%
Goiatuba
24%
Penedense
24%
União TO
24%
Manauara
22%
Porto Vitória
22%
Tocantinópolis
20%
Nenhum quiz correspondente encontrado
Distribuição das Pontuações
Porcentagem de Pessoas com Cada Pontuação
Percentil de Números Respondidos
Sua Pontuação Histórica
Você não jogou esse quiz